Fußballer anhand von zersplitterten Bildern erkennen #3 - Statistiken

Allgemein
  • Dieses Quiz wurde 206 mal gespielt
  • Das Durchschnittsergebnis liegt bei 11 aus 12
Antwortstatistiken
Bildquiz Antwort % Korrekt
Zlatan Ibrahimovic
100%
Harry Kane
97%
Jude Bellingham
94%
Mohammad Salah
94%
Neymar jr.
93%
Antoine Griezmann
92%
Achraf Hakimi
91%
Leon Goretzka
91%
Marc-Andre ter Stegen
90%
Phil Foden
89%
Martin Odegaard
86%
Ollie Watkins
62%
Keine übereinstimmenden Quizze gefunden
Verteilung der Resultate
Anzahl Personen mit jedem Resultat
Perzentil nach korrekt beantworteten Fragen
Ihre Resultats-Entwicklung
Sie haben dieses Quiz noch nicht gespielt